| 000 | 01239cam a22002295a 4500 | ||
|---|---|---|---|
| 001 | L159809 | ||
| 008 | 180202s2018 xxk f 000 0 eng d | ||
| 035 | _a(Sirsi) u159809 | ||
| 041 | 0 | _aeng | |
| 110 | 2 |
_aInformation Commissioner's Office _96192 |
|
| 245 | 0 | 0 |
_aGuide to the General Data Protection Regulation (GDPR) _h[electronic resource] |
| 260 |
_aLondon _bICO _c2018 |
||
| 520 | _aProvides general guidance to organisations to facilitate compliance with the General Data Protection Regulation (GDPR) which comes into force 25 May 2018. It is aimed at helping individuals who have day-to-day responsibility for data protection. It includes links to relevant sections of the GDPR itself, to other ICO guidance and to guidance produced by the EU?s Article 29 Working Party. The ICO is the UK Representative to the Working Party. Includes a checklist for GDPR preparatoin. | ||
| 590 | _aNTK | ||
| 650 | 2 | 4 | _aGENERAL DATA PROTECTION REGULATION |
| 650 | 2 | 4 | _aGDPR |
| 650 | 2 | 4 | _aDATA PROTECTION |
| 651 | 4 |
_aUnited Kingdom _y |
|
| 690 | _aBusiness and management | ||
| 856 | 4 | 0 |
_uhttps://www.ico.org.uk/media/1624219/preparing-for-the-gdpr-12-steps.pdf _zView the item free of charge from the www.ico.org.uk website. |
| 942 | _n0 | ||
| 999 |
_c116119 _d116119 |
||